000 00737cam a22002531a 4500
001 ne 63001862
003 DLC
005 20260227111750.0
008 920914s1962 ua a 000 0 ara
010 _ane 63001862
035 _a(OCoLC)26593676
040 _aDLC
_cMWalB
_dMWalB
_dDNAL
_dDLC
042 _apremarc
050 0 0 _aQR56
_b.M78
070 0 _aQR56.M85
_b1962
072 0 0 _aQ120
_aR110
100 1 _aMuḥammad, Muḥammad Abū al-Faḍl.
242 0 0 _aMicrobs servicing man.
245 1 3 _aal-Mīkrūbāt fī khidmat al-insān /
_ctaʼlīf Muḥammad Abū al-Faḍl Muḥammad.
250 _a[al-Ṭabʻah al-ūlá
260 _aal-Qāhirah,
_c1962].
300 _a199 p. :
_bill. ;
_c20 cm.
650 0 _aMicrobiology.
999 _c46249
_d46249